| 000 | 00455nam a2200181Ia 4500 | ||
|---|---|---|---|
| 001 | 16838 | ||
| 005 | 20260306170340.0 | ||
| 008 | 260306t2002||||xx |||||||||||||| ||und|| | ||
| 041 | _aESP | ||
| 082 |
_a657.042 _bR78 |
||
| 100 |
_aRojas Risco, Demóstenes _eAUT |
||
| 245 | 0 |
_aContabilidad básica: _benfoque práctico con aplicaciones informáticas |
|
| 260 | _c2002 | ||
| 300 |
_a _c |
||
| 650 | _aGEN | ||
| 654 | _aCCO | ||
| 942 |
_cLIB _dJUS _fJUS _2ddc _n |
||
| 999 |
_c16838 _d16838 |
||